000 01653nam0a2200349 4500
001 RU\NLR\bibl\1193348
005 20260607041935.0
010 _a978-5-98901-006-6
_9500
021 _aRU
_b2007-94997
_95128
035 _a(NLR Aleph) 001179886
090 _a1650650
_c1650650
100 _a20080227d2007 |||y0rusy50 ca
101 0 _arus
102 _aRU
105 _aa |||||||||
200 1 _aСоциальная политика: модели и стратегии
_fВ.С. Шмаков, Н.Д. Вавилина, В.Ю. Дунаев
_gРос. акад наук, Сиб. отд-ние, Ин-т философии и права, М-во образования и науки Респ. Казахстан, Ин-т философии и политологии
210 _aНовосибирск
_cПараллель
_d2007
215 _a446, [1] с.
_cил.
_d22
300 _aНа 444-й с. авт.: Шмаков В.С., д.филос.н., Вавилина Н.Д., д.социол.н., Дунаев В.Ю., к.филос.н.
300 _aНа обл. авт. не указаны
606 1 _aСоциальная политика
_91347566
_3RU\NLR\auth\66562469
686 _aУ27(2)2
686 _aС550.511
700 1 _4070
_7ca
_8rus
_aШмаков
_bВ. С.
_gВладимир Сергеевич
_93026
_3RU\NLR\auth\7719957
701 1 _aВавилина
_bН. Д.
_gНадежда Дмитриевна
_4070
701 1 _aДунаев
_bВ. Ю.
_gВладимир Юрьевич
_4070
801 0 _aRU
_bNLR
_c20080227
_gRCR
801 1 _aRU
_bNLR
_c20080227
830 _aавт. по кн.
942 _cBOOK
980 _aNB